Normal view MARC view
  • Metropolitan government

Entry Topical Term

Number of records used in: 1

001 - CONTROL NUMBER

  • control field: 40010

003 - CONTROL NUMBER IDENTIFIER

  • control field: OSt

005 - DATE AND TIME OF LATEST TRANSACTION

  • control field: 20160517144734.0

008 - FIXED-LENGTH DATA ELEMENTS

  • fixed length control field: 160517|| aca||babn | a|a d

040 ## - CATALOGING SOURCE

  • Original cataloging agency: OSt

150 ## - HEADING--TOPICAL TERM

  • Topical term or geographic name as entry element: Metropolitan government

450 ## - SEE FROM TRACING--TOPICAL TERM

  • Topical term or geographic name entry element: Consolidation of local governments

450 ## - SEE FROM TRACING--TOPICAL TERM

  • Topical term or geographic name entry element: Urban politics

550 ## - SEE ALSO FROM TRACING--TOPICAL TERM

  • Topical term or geographic name entry element: Local government

550 ## - SEE ALSO FROM TRACING--TOPICAL TERM

  • Topical term or geographic name entry element: Metropolitan areas

550 ## - SEE ALSO FROM TRACING--TOPICAL TERM

  • Topical term or geographic name entry element: Municipal corporations

551 ## - SEE ALSO FROM TRACING--GEOGRAPHIC NAME

  • Geographic name: Municipal government